=LDR 00000nam 2200000 4500 =001 INLIS000000000025931 =005 20130612124414 =008 ***********************************Ind** =035 ##$$0010-061300000025931 =041 ##$$a Ind =082 ##$$a 512 =090 ##$$a 512, The m =100 ##$$a The math forum =245 ##$$a Mempersiapkan belajar aljabar, The math forum =260 ##$$a 2003 $b bandung =300 ##$$a 174 hlm, ilus, 25 cm =650 ##$$a Aljabar =850 ##$$a NBPNMAT